Des vampires chez les plantes : en guerre contre les plantes parasites

Salvato in:
Dettagli Bibliografici
Autore principale: Salle, Georges
Natura: Libro
Lingua:Vietnamese
Pubblicazione: EDP sciences 2002
Tags: Aggiungi Tag
Nessun Tag, puoi essere il primo ad aggiungerne! !
Thư viện lưu trữ: Mạng thư viện Đại học Đà Nẵng
LEADER 00719nam a2200253 4500
001 000020959
003 17406
005 20150331080302.0
008 150331s2002 viesd
020 |c 00 
041 0 |a vie 
082 1 4 |a 581,6  |b SA-G 
100 1 |a Salle, Georges 
245 1 0 |a Des vampires chez les plantes : en guerre contre les plantes parasites  |c Georges Salle ; preface d'Aline Raynal-Roques ; illustrations de Horacio Cassinelli. 
260 |b EDP sciences  |c 2002 
300 |a tr.  |c cm. 
OWN |a LSP 
999 |a From the UDN01 
TYP |a Monograph 
TYP |a Printed language 
980 |a Mạng thư viện Đại học Đà Nẵng